000
00332nam a2200133Ia 4500
008
150201s2009 xx 000 0 und d
082
_a
618.92
_b
R10B
100
_a
BHAVE,SWATI,Y
245
2
_a
A READY RECKONER FOR VACCINATIONS
250
_a
3RD
260
_b
JAYPEE BROTHERS
_a
DELHI
_c
2009
650
_a
PAEDIATRICS
942
_2
ddc
_c
BK
999
_c
1034
_d
1034